000 00920cam a22002651 4500
001 1737
003 BD-RjUL
005 20211208233412.0
008 1312 r19591958nyu 000 0 eng
035 _a(BD-RjUL)1764
040 _aDLC
_cWa
_dDLC
_dBD-RjUL
_beng
041 _aeng
082 0 0 _a190
_222
_bRUB 1959
100 1 _aRussell, Bertrand
_d1872-1970.
_95748
245 0 0 _aBertrand Russell's best :
_bsilhouettes in satire /
_cSelected and introduced by Robert E. Egner.
260 _a New York :
_bNew American Library ,
_cc1958 [2nd Impression 1959].
300 _a126 p. ;
_c19 cm.
490 0 _aA Mentor book, MD237
650 _aPhilosophy, Modern
_y20th century.
_93369
700 _aEgner. Robert E.
_95749
856 _uhttp://www.worldcat.org/title/bertrand-russells-best-silhouettes-in-satire/oclc/2903279&referer=brief_results
942 _2ddc
_cBK
999 _c1737
_d1737